Shifting gear : Europol in the contemporary policing era (notice n° 1631166)

détails MARC
000 -LEADER
fixed length control field 01989cam a2200181 4500500
005 - DATE AND TIME OF LATEST TRANSACTION
control field 20260111104736.0
041 ## - LANGUAGE CODE
Language code of text/sound track or separate title fre
042 ## - AUTHENTICATION CODE
Authentication code dc
100 10 - MAIN ENTRY--PERSONAL NAME
Personal name Den Boer, Monica
Relator term author
245 00 - TITLE STATEMENT
Title Shifting gear : Europol in the contemporary policing era
260 ## - PUBLICATION, DISTRIBUTION, ETC.
Date of publication, distribution, etc. 2007.<br/>
500 ## - GENERAL NOTE
General note 5
520 ## - SUMMARY, ETC.
Summary, etc. Having presented the genealogy of Europol, and thus the paradigm within which its representatives have developed their mission, mandate and strategy, this article then highlights a number of challenges this body now faces. The organization’s legitimacy deficit is of prime importance. At the same time, shifts in national policing and law enforcement practices are also having considerable impact upon Europol’s objectives and working methods. Overall, the article presents an inventory of the policy shifts that Europol has experienced, before setting out different scenarios actors are currently envisaging as possible paths for the future.
520 ## - SUMMARY, ETC.
Summary, etc. Changement d'orientation : Europol à l'ère contemporaine des polices Après avoir présenté la généalogie d'Europol, et donc le paradigme dans lequel ses représentants ont développé leurs mission, mandat et stratégie, cet article souligne certains défis auxquels cette organisation doit faire face. Son déficit de légitimité est de première importance. En même temps, les déplacements dans les pratiques et organisations policières nationales ont aussi un impact considérable sur les objectifs d'Europol et ses méthodes de travail. Dans l'ensemble, cet article présente un inventaire des changements qu'Europol a dû affronter, avant de présenter les différents scénarios que les acteurs envisagent actuellement comme de possibles développements pour le futur.
700 10 - ADDED ENTRY--PERSONAL NAME
Personal name Bruggeman, Willy
Relator term author
786 0# - DATA SOURCE ENTRY
Note Politique européenne | 23 | 3 | 2007-12-01 | p. 77-91 | 1623-6297
856 41 - ELECTRONIC LOCATION AND ACCESS
Uniform Resource Identifier <a href="https://shs.cairn.info/revue-politique-europeenne-2007-3-page-77?lang=en&redirect-ssocas=7080">https://shs.cairn.info/revue-politique-europeenne-2007-3-page-77?lang=en&redirect-ssocas=7080</a>

Pas d'exemplaire disponible.

PLUDOC

PLUDOC est la plateforme unique et centralisée de gestion des bibliothèques physiques et numériques de Guinée administré par le CEDUST. Elle est la plus grande base de données de ressources documentaires pour les Étudiants, Enseignants chercheurs et Chercheurs de Guinée.

Adresse

627 919 101/664 919 101

25 boulevard du commerce
Kaloum, Conakry, Guinée

Réseaux sociaux

Powered by Netsen Group @ 2025